Cargando...

INDIAN STATES Economy and Business : Kerala

Detalles Bibliográficos
Formato: Printed Book
Acceso en liña:http://10.26.1.76/ks/002577.pdf
LEADER 002710000a22000850004500
245 |a INDIAN STATES Economy and Business : Kerala 
856 |u http://10.26.1.76/ks/002577.pdf 
942 |c KS 
999 |c 71965  |d 71965 
952 |0 0  |1 0  |4 0  |7 0  |9 63929  |a MGUL  |b MGUL  |d 2015-08-01  |l 0  |r 2015-08-01  |w 2015-08-01  |y KS